[Event "Paleochora op 14th"]
[Site "Paleochora"]
[Date "2021.07.30"]
[Round "9.2"]
[White "Theodorou, Nikolas"]
[Black "David, Alberto"]
[Result "1-0"]
[WhiteElo "2584"]
[BlackElo "2521"]
[Annotator "Kapnisis,Spyridon"]
[PlyCount "103"]
[EventDate "2021.07.23"]
[EventType "swiss"]
[EventRounds "9"]
[EventCountry "GRE"]
[SourceTitle "CBM 204 Extra"]
[Source "ChessBase"]
[SourceDate "2022.09.12"]
[SourceVersion "1"]
[SourceVersionDate "2022.09.12"]
[SourceQuality "1"]
[TimeControl "40/5400+30:900+30"]

{[%evp 0,103,28,40,34,-7,36,12,29,40,30,40,24,10,47,40,75,76,85,77,83,74,73,83,82,76,74,76,86,77,89,92,89,89,107,46,128,79,70,48,101,100,101,70,101,25,88,96,95,75,75,75,75,81,59,59,63,89,101,101,104,107,119,165,151,158,172,158,176,160,169,135,197,187,203,180,181,185,206,188,188,188,183,185,194,193,192,188,188,185,202,187,202,215,256,255,256,216,224,228,228,234,283,273,272,272]} 1. Nf3 Nf6 2. g3 b5 3. Bg2 Bb7 4. O-O e6 5. d3 d5 {[#]} (5... c5 {In my opinion, this is a more solid choice for black.} 6. e4 d6 (6... d5 $6 7. exd5 $1 {Allowing the opening of the center at this early stage is clearly in white's favour.} exd5 $6 (7... Qxd5 8. Nc3 (8. Bf4 $5) 8... Qc6 9. Bf4 Be7 10. a4 $16) (7... Nxd5 8. c4 $1 $16) 8. Nh4 (8. d4 $5) 8... Qd7 9. Qf3 Nc6 10. Re1+ Be7 11. Nf5 $18 {1-0 (23) Naiditsch,A (2649)-Sochacki,C (2494) Chalons en Champagne FRA 2021}) 7. e5 (7. a4 b4 8. a5 Be7 9. Nbd2 O-O 10. Nc4 $13 {1-0 (30) Amin,B (2704)-Nihal,S (2598) Brest FRA 2019}) 7... dxe5 8. a4 b4 9. Nxe5 Bxg2 10. Kxg2 $13 {1/2 (42) Maghsoodloo,P (2674)-Aleksandrov,A (2592) Moscow RUS 2020}) 6. c4 $1 {This is the most critical move and the real test of black's setup.} (6. Nbd2 {[%cal Ye2e4] followed by e4 is typical but white is not really counting on an opening advantage.}) 6... a6 (6... bxc4 7. dxc4 c6 (7... Nbd7 8. cxd5 exd5 9. Nc3 Bb4 10. Nh4 $1 Bxc3 11. bxc3 O-O 12. Nf5 $14 {0-1 (45) Rechlis,G (2519)-Gruenfeld,Y (2424) Israel ISR 2020} (12. c4 $5 $16)) 8. Nc3 {0-1 (33) Wallace,J (2415)-Moroni,L (2547) Caleta ENG 2018 followed by Qb3(c2),Rd1 and e4. White is clearly the one with the better chances.}) (6... dxc4 $2 {is clearly not the solution for black.} 7. dxc4 Qxd1 8. Rxd1 b4 (8... bxc4 9. Ne5 Bxg2 10. Kxg2 Nbd7 11. Nxc4 $16 {1/2 (45) Gordievsky,D (2653)-Liu,Y (2474) China CHN 2018}) 9. Bf4 Na6 10. Nbd2 Bd6 11. Nb3 Bxf4 12. gxf4 $18 {[%csl Ra6][%cal Yf3e5] 1-0 (49) Svane,R (2613)-Munkhgal,G (2501) chess.com INT 2020}) (6... c6 7. cxb5 (7. Qb3 $5) 7... cxb5 8. a4 b4 9. a5 Na6 $6 (9... Bd6 10. a6 $14) 10. Nbd2 Bd6 11. e4 $16 {1-0 (27) Rakhmanov,A (2638)-Mihalcisin,A (2467) Budva MNE 2019}) 7. cxd5 $1 Bxd5 (7... exd5 {White has a number of pleasant options.} 8. Nh4 (8. e4 $5 dxe4 9. dxe4 Qxd1 10. Rxd1 Bc5 (10... Nxe4 11. Ng5 {is difficult to play with black})) (8. a4 $5) 8... g6 9. e4 dxe4 10. Nc3 Bg7 11. dxe4 $16 {[%cal Ye4e5]}) (7... Nxd5 8. a4 (8. Bg5 $5 Be7 9. Bxe7 Qxe7 10. a4 $14) 8... Nb6 9. Nc3 b4 10. Ne4 Be7 11. Qc2 O-O 12. d4 $16 {1-0 (35) Vachier Lagrave,M (2811)-Krassowizkij,J (2438) Hockenheim GER 2016}) ({RR} 7... Nxd5 8. a4 Be7 9. axb5 axb5 10. Rxa8 Bxa8 11. Qb3 c6 12. Nc3 O-O 13. Bd2 b4 14. Ne4 c5 15. Rc1 Nd7 16. Be1 Bb7 17. Qd1 h6 18. Ned2 N5b6 19. Ne5 Bxg2 20. Nxd7 Qxd7 21. Kxg2 Qd5+ 22. Kg1 {Artemiev,V (2699)-Mamedyarov,S (2762) chess24.com INT 2021 ½-½ (89)}) 8. a4 b4 {[#] Black feels forced to play b4 which is a positional win for white. Black permanently weakens the important c4 square.} (8... Nbd7 $6 9. Nc3 Bc6 10. Qc2 $16 {[%csl Rc6]}) (8... Bb7 9. axb5 axb5 10. Rxa8 Bxa8 11. Qb3 Qd5 12. Qxd5 Nxd5 13. Nd4 b4 14. e4 Nb6 15. Be3 $16 {[%cal Yf1c1,Yb1d2] Black's queenside will be under considerable pressure}) 9. b3 $146 (9. e4 $5 Bb7 10. Be3 $16 {[%cal Yb1d2,Yd2b3,Ya1c1,Yd2c4] is another decent way of developing. Keeping the b3 square open for the white knight is certainly good for white.}) ({RR} 9. Nbd2 Be7 10. e4 Bb7 11. Nb3 c5 12. Be3 Nbd7 13. Nfd2 Rc8 14. Nc4 Nb6 15. Nba5 Nxc4 16. Nxc4 a5 17. Rc1 Ba6 18. Qe2 Nd7 19. Rfd1 O-O 20. f4 Qc7 21. b3 Rfd8 22. Qf2 Nb6 23. Bf3 Nxc4 {Lopez Martinez,J (2453)-Ayats Llobera,G (2457) Linares ESP 2024 ½-½ (31)}) 9... Be7 10. Bb2 O-O 11. Nbd2 c5 12. Rc1 Nbd7 {[#]} (12... Bb7 {Normally black should like to place his knight on c6 in order to control the important d4 square but he is not in time to stop white from playing d4.} 13. Nc4 Nc6 14. d4 $16 {White is better placed for the opening of the center and has a big advantage.}) 13. e4 $1 Bb7 14. Qe2 $16 {White will continue with Rfd1,Nc4 and d4 opening the center and using his better placed pieces.} a5 {Black decides to place his pawn on a5 in order to put his bishop to a6. Improving the bishop will come at a heavy price since the pawn on a5 will be a permanent target for the white knight who will come to c4. On the other hand it is difficult to suggest a good defending plan for black.} (14... Qc7 15. Nc4 Rfd8 16. Rfd1 Rac8 17. Nfd2 Bf8 (17... e5 18. Rf1 $40 {[%cal Yf2f4]}) 18. f4 $16) 15. Nc4 Ba6 (15... Nb6 16. Nfe5 $16) 16. Rfd1 Rc8 {[#]} 17. d4 {With the white pieces a lot better placed it is no wonder that white tries to open the center.} (17. h4 $5) (17. e5 $5 {Instead of opening the center with d4 white could have tried another interesting plan by playing e5,Nfd2-e4 and placing one of his knight to d6.} Nd5 18. Nfd2 $16 {[%cal Yd2e4,Ye4d6]} (18. h4 {[%cal Yf3g5]})) 17... Re8 {[#]} (17... cxd4 $2 {Opening the center will only help white.} 18. Nxd4 $18 {[%csl Ra5][%cal Yd4b5]}) 18. d5 $1 (18. Bf1 $16) (18. dxc5 Rxc5 19. Nfe5 {is better for white but 18.d5 feels like the right way to proceed.}) 18... exd5 19. exd5 Bd6 (19... Nb6 20. Nfe5 Bd6 21. Qc2 $16) 20. Qc2 Bxc4 (20... Qc7 21. Bf1 $16 Re7) 21. Qxc4 Nb6 22. Qb5 {[#]} c4 $5 {Black tries to complicate matters by trapping white's queen but white reacts calmly stopping black's threat of Rc5.} 23. Bd4 $1 (23. bxc4 $2 Rc5 24. Qa6 Qc7 25. Bd4) 23... Nbxd5 {[#]} (23... Nfxd5 24. bxc4 $18) (23... Nbd7 24. Rxc4 $18) 24. bxc4 $6 (24. Bh3 $1 {is an excellent intermediate move before taking on bxc4. Black's position is busted.} Rb8 (24... Rc7 25. bxc4 Nc3 26. Bxc3 bxc3 27. Qa6 $1 {[%csl Rd6]} Ne4 28. Bf5 $18) 25. Qxc4 $18) 24... Nc3 25. Bxc3 bxc3 26. Rxc3 Qc7 {[#]} 27. Nd4 (27. c5 $5 {leads to more forcing play and White probably wanted to avoid this for the moment.} Rb8 (27... Bxc5 28. Rdc1 Bxf2+ (28... Ne4 29. Rxc5 Nxc5 30. Bh3 $18 {The pin on the c file is an unsolvable problem for black.}) 29. Kf1 $1 Qxc3 $1 30. Rxc3 Rxc3 31. Kxf2 Rc5 $1 {White will still need to put some effort to prove that his material advantage is enough to win the game.}) 28. Qc4 Rb4 29. Rxd6 $1 Rxc4 30. Rxc4 $16 {White's R+B+P are stronger than black's queen who has a rather passive role.}) 27... Bb4 (27... Re5 28. Qb7 Bf8 29. Qxc7 Rxc7 30. Bc6 $16 {[%cal Yc6b5]}) 28. Rcc1 Ba3 29. Ra1 (29. Rc2) 29... Re5 (29... Bf8 30. Nb3 $16) 30. Qb7 {[#]} (30. Bd5 $5 {[%cal Yd4c6]} Rb8 31. Qc6 Qe7 32. Qa6 $18) 30... Bc5 $2 {This blunders the pawn on a5 and seals the fate of the game.} (30... Bf8 31. Qxc7 Rxc7 32. Bc6 $1 $16 {[%cal Yc6b5] Black's position is bad but at least he may be able to put up some resistance.}) 31. Qxc7 Rxc7 32. Nc6 {[%cal Yc6e5,Yc6a5]} Re8 33. Nxa5 Ng4 (33... Re2 $2 34. Rd8+) 34. Ra2 $18 h5 35. Bf3 Ne5 36. Bxh5 Bb6 37. Rd5 Ra7 38. Nb3 Nxc4 39. Be2 Na5 40. Nxa5 Bxa5 41. Bb5 Re1+ 42. Kg2 g6 43. h4 $1 Kg7 44. h5 {White opens up the position on the kingside in order to help the attack against the black king.} gxh5 45. Rxh5 Rc7 46. Bd3 Bb6 47. Rh7+ Kg8 48. Rb2 Re6 49. a5 Ba7 50. Rb4 $1 {The second rook joins the attack with decisive effect.} Rc3 51. Rg4+ Kf8 52. Rf4 1-0

[Event "Titled Tuesday intern op 27th July"]
[Site "Chess.com INT"]
[Date "2021.07.27"]
[Round "9"]
[White "Onischuk, Vladimir"]
[Black "Oparin, Grigoriy"]
[Result "1-0"]
[WhiteElo "2622"]
[BlackElo "2654"]
[PlyCount "83"]
[EventDate "2021.07.27"]
[EventType "swiss (blitz)"]
[EventRounds "11"]
[EventCountry "USA"]
[SourceTitle "CBM 203 Extra"]
[Source "ChessBase"]
[SourceDate "2021.09.30"]
[SourceVersion "1"]
[SourceVersionDate "2021.09.30"]
[SourceQuality "1"]

1. Nf3 Nf6 2. g3 d5 3. Bg2 c5 4. O-O g6 5. d3 Bg7 6. Nc3 O-O 7. e4 Nc6 8. h3 dxe4 ({RR} 8... h6 9. Bf4 Be6 10. Qe2 Rc8 11. g4 dxe4 12. dxe4 Nd4 13. Qd3 Qb6 14. Rab1 Rfd8 15. Rfe1 g5 16. Bh2 Qb4 17. a3 Qc4 18. Qxc4 Bxc4 19. Rbc1 e6 20. Nd2 Ba6 21. e5 Nd5 22. Nxd5 exd5 23. c4 {Nyzhnyk,I (2662)-Jones,G (2679) Chess.com INT 2020 0-1 (49)}) ({RR} 8... e6 9. Bd2 b6 10. Re1 d4 11. Ne2 Bb7 12. Nh2 b5 13. b3 Qd7 14. f4 Rfd8 15. g4 c4 16. Rf1 a5 17. a3 Ba6 18. Be1 Qc8 19. Bh4 Re8 20. Bxf6 Bxf6 21. e5 Be7 22. Ng3 Ra7 23. Ne4 {Manmay Chopra (2180)-Taylor,W (2002) England ENG 2025 1-0 (41)}) ({RR} 8... e6 9. Re1 a6 10. e5 Nd7 11. Bf4 b5 12. Qd2 Nd4 13. Nxd4 cxd4 14. Nb1 Qc7 15. c3 dxc3 16. Nxc3 Bb7 17. Rac1 Qb6 18. d4 Rac8 19. b3 a5 20. Bf1 Ba6 21. Qd3 Nb8 22. Qe3 Nc6 23. Red1 {Onischuk,V (2633)-Bluebaum,M (2672) Tornelo INT 2020 0-1 (49)}) 9. dxe4 Qc7 $146 ({RR} 9... Be6 10. Be3 Nd7 11. Qd2 Nde5 12. Qxd8 Nxf3+ 13. Bxf3 Rfxd8 14. Bxc5 Bxh3 15. Rfd1 b6 16. Be3 Ne5 17. Be2 Bg4 18. Rxd8+ Rxd8 19. Ba6 Nc6 20. a3 Bf3 21. Re1 Nd4 22. Bd3 Bg4 23. Bxd4 Bxd4 24. Nb5 {Maiwald,J (2450)-Blauert,J (2385) Dresden 1997 ½-½ (62)}) 10. Bf4 e5 11. Bg5 Be6 12. Bxf6 Bxf6 13. Nd5 Bxd5 14. exd5 Nd4 15. Nd2 Bg7 16. a4 Nf5 17. c3 Nd6 18. a5 f5 19. Qa4 e4 20. Rfe1 a6 21. f4 Rae8 22. Nf1 h6 23. Ne3 g5 24. Rf1 Bf6 25. Qd1 Kh7 26. Qh5 Qg7 27. g4 gxf4 28. Rxf4 Bg5 29. Nxf5 Nxf5 30. Rxf5 e3 31. d6 Re5 32. Raf1 Rfxf5 33. gxf5 Bf6 34. Qf3 Re8 35. Re1 Bg5 36. Qxb7 Qxb7 37. Bxb7 Rd8 38. Bxa6 Rxd6 39. Be2 Rd2 40. a6 Bh4 41. Ra1 Rxe2 42. a7 1-0

[Event "Titled Tuesday intern op 27th July"]
[Site "Chess.com INT"]
[Date "2021.07.27"]
[Round "10"]
[White "Onischuk, Vladimir"]
[Black "Martinez Alcantara, Jose Eduardo"]
[Result "1-0"]
[WhiteElo "2622"]
[BlackElo "2620"]
[PlyCount "89"]
[EventDate "2021.07.27"]
[EventType "swiss (blitz)"]
[EventRounds "11"]
[EventCountry "USA"]
[SourceTitle "CBM 203 Extra"]
[Source "ChessBase"]
[SourceDate "2021.09.30"]
[SourceVersion "1"]
[SourceVersionDate "2021.09.30"]
[SourceQuality "1"]

1. Nf3 c5 2. g3 Nc6 3. Bg2 g6 4. d4 cxd4 5. Nxd4 Bg7 6. Nb3 d6 7. Nc3 Nf6 8. h3 O-O 9. e4 Be6 10. Nd5 a5 11. a4 Ne5 $146 ({RR} 11... Bxd5 12. exd5 Ne5 13. O-O Nc4 14. Nd4 Qd7 15. b3 Nb6 16. c4 Rfc8 17. Ra2 Qd8 18. Re2 Nbd7 19. Rfe1 Bf8 20. h4 Qb6 21. Bh3 Re8 22. h5 Ne5 23. Kg2 Bg7 24. hxg6 hxg6 25. f4 Ned7 26. Rxe7 {Planinc,A-Rogulj,B (2440) Bjelovar 1979 1-0 (36)}) 12. O-O Nxd5 13. exd5 Bd7 14. c3 b5 15. axb5 Bxb5 16. Re1 Nd3 17. Bf1 Nxc1 18. Bxb5 Nxb3 19. Qxb3 Qb6 20. Rxe7 Rfb8 21. c4 Qd4 22. Qf3 Bf6 23. Re2 Kg7 24. Kg2 a4 25. Ra3 Ra7 26. h4 h5 27. Rd3 Qc5 28. Rdd2 Rbb7 29. g4 hxg4 30. Qxg4 Rb8 31. h5 Rh8 32. hxg6 fxg6 33. Be8 Rh6 34. Re4 a3 35. bxa3 Qxa3 36. Rde2 Qc1 37. Re1 Qg5 38. Qxg5 Bxg5 39. Re6 Bf4 40. R1e4 Be5 41. R4xe5 dxe5 42. c5 Ra2 43. d6 Rd2 44. c6 Rh4 45. c7 1-0

[Event "Bryansk Zilberstein Memorial 5th"]
[Site "Bryansk"]
[Date "2021.07.29"]
[Round "3"]
[White "Oparin, Grigoriy"]
[Black "Frolyanov, Dmitry"]
[Result "1-0"]
[WhiteElo "2654"]
[BlackElo "2533"]
[PlyCount "69"]
[EventDate "2021.07.29"]
[EventType "swiss (rapid)"]
[EventRounds "11"]
[EventCountry "RUS"]
[SourceTitle "CBM 203 Extra"]
[Source "ChessBase"]
[SourceDate "2021.09.30"]
[SourceVersion "1"]
[SourceVersionDate "2021.09.30"]
[SourceQuality "1"]

1. Nf3 d5 2. g3 g6 3. c4 dxc4 4. Na3 Bg7 5. Nxc4 Nc6 6. d3 e5 7. Bd2 Nge7 8. Bg2 O-O 9. b4 Be6 10. Rc1 a6 11. O-O h6 12. a4 b5 ({RR} 12... Nd5 13. b5 axb5 14. axb5 Nd4 15. Ncxe5 Nxb5 16. e4 Nb6 17. Be3 Nd7 18. d4 Nxe5 19. Nxe5 Bxe5 20. dxe5 Qxd1 21. Rfxd1 Kh7 22. f4 Rfd8 23. Rxd8 Rxd8 24. Bf1 c6 25. h3 Nd4 26. g4 Nf3+ 27. Kf2 {Oparin,G (2652)-Petkov,M (2426) Tornelo INT 2021 1-0 (42)}) 13. axb5 $146 ({RR} 13. Na3 Rb8 14. axb5 axb5 15. Rc5 Qd7 16. Nxb5 Nd5 17. Qc1 Ncxb4 18. Bxb4 Nxb4 19. Nxc7 Rfc8 20. Nxe6 Qxe6 21. Nd2 Rd8 22. Qc4 Qe7 23. Rb1 Bf8 24. Rc7 Rd7 25. Rxd7 Qxd7 26. Nf3 Qb5 27. Qxb5 Rxb5 {Mikhalevski,V (2524)-Gavriely,O (2106) Acre ISR 2024 1-0 (40)}) 13... axb5 14. Na5 Nxa5 15. bxa5 Nd5 16. Rc5 Rb8 17. Qc1 Kh7 18. e4 Ne7 19. Bb4 c6 20. Qe3 Qc7 21. Bc3 f6 22. d4 Bc4 23. Rc1 exd4 24. Nxd4 Qd7 25. h4 h5 26. Kh2 Rbd8 27. Bh3 Qa7 28. Nxb5 Qb8 29. Nd4 Bg8 30. Nxc6 Nxc6 31. Rxc6 Rde8 32. Bd2 Rf7 33. Rc8 Rxc8 34. Rxc8 Qd6 35. Qe2 1-0

[Event "Bryansk Zilberstein Memorial 5th"]
[Site "Bryansk"]
[Date "2021.07.31"]
[Round "11"]
[White "Sjugirov, Sanan"]
[Black "Frolyanov, Dmitry"]
[Result "1-0"]
[WhiteElo "2661"]
[BlackElo "2533"]
[PlyCount "149"]
[EventDate "2021.07.29"]
[EventType "swiss (rapid)"]
[EventRounds "11"]
[EventCountry "RUS"]
[SourceTitle "CBM 203 Extra"]
[Source "ChessBase"]
[SourceDate "2021.09.30"]
[SourceVersion "1"]
[SourceVersionDate "2021.09.30"]
[SourceQuality "1"]

1. Nf3 d5 2. g3 g6 3. c4 dxc4 4. Na3 Bg7 5. Nxc4 Nc6 6. Bg2 e5 7. d3 Nge7 8. h4 ({RR} 8. O-O O-O 9. Bd2 Nd5 10. Rc1 h6 11. a3 Be6 12. b4 a6 13. e4 Nb6 14. Na5 Qxd3 15. Nxb7 Bc4 16. Re1 Qxa3 17. Na5 Nxa5 18. bxa5 Bb3 19. Re3 Bxd1 20. Rxa3 Bxf3 21. Bxf3 Nc8 22. Rxc7 Nd6 {Carlsen,M (2853)-Nakamura,H (2787) Chess.com INT 2016 1-0 (61)}) ({RR} 8. O-O O-O 9. Bd2 Re8 10. Rc1 a5 11. b3 Nd5 12. Ng5 h6 13. Ne4 Kh7 14. Ne3 Nxe3 15. Bxe3 Nd4 16. Nc5 c6 17. h3 Rb8 18. Na4 Be6 19. Qd2 Bd5 20. Bxd5 Qxd5 21. Nb6 Qd8 22. Nc4 b6 {Gukesh,D (2547)-Frolyanov,D (2556) Moscow 2019 ½-½ (93)}) 8... Be6 ({RR} 8... e4 9. dxe4 Qxd1+ 10. Kxd1 Be6 11. Ncd2 h6 12. e3 O-O-O 13. a3 Na5 14. Bh3 Bxh3 15. Rxh3 Nb3 16. Rb1 Rd6 17. Ke2 Nxc1+ 18. Rxc1 Bxb2 19. Rc2 Bxa3 20. Nc4 Ra6 21. Nfe5 f6 22. Nf7 Rh7 23. Nxa3 {Gutierrez Olivares,D (2354)-Paravyan,D (2621) chess.com INT 2025 0-1 (34)}) 9. Bd2 h6 10. Rc1 Nd5 $146 ({RR} 10... a5 11. Bc3 f6 12. b3 O-O 13. O-O Qd7 14. Qc2 Rfd8 15. Rfd1 Nf5 16. Ncd2 Qf7 17. Ne4 b6 18. e3 Rac8 19. d4 exd4 20. exd4 Bd5 21. Re1 Nce7 22. Bb2 Nc6 23. Bc3 Re8 24. Ned2 Nd6 25. Nf1 {Anton Guijarro,D (2681)-Grischuk,A (2777) Chess.com INT 2020 0-1 (76)}) 11. b4 a6 12. a3 O-O 13. O-O Re8 14. Ne3 Nxe3 15. Bxe3 Nd4 16. Nxd4 exd4 17. Bf4 c6 18. Qd2 Kh7 19. Rc5 Bf8 20. Rb1 Qd7 21. Be4 Bxc5 22. bxc5 h5 23. Bd6 Bd5 24. Bxd5 cxd5 25. Rb4 Qg4 26. Rxb7 Rxe2 27. Rxf7+ Kg8 28. Qf4 Qxf4 29. Rxf4 Rc8 30. Rxd4 Ra2 31. Rxd5 Rxa3 32. d4 a5 33. Be5 Kf7 34. Rd6 a4 35. Rf6+ Ke7 36. Rxg6 Rd3 37. Ra6 a3 38. c6 Ke6 39. Kg2 Kd5 40. c7 Rb3 41. Ra5+ Ke4 42. g4 hxg4 43. h5 Rh3 44. h6 Rxh6 45. Rxa3 Rc6 46. Ra7 Rc2 47. Rb7 Kd5 48. Kg3 Kc6 49. Rb8 Kd7 50. Rb6 Rg8 51. Rf6 Rc3+ 52. Kg2 Rd3 53. Rd6+ Kc8 54. Rb6 Kd7 55. Rd6+ Kc8 56. d5 Rd2 57. Bg3 Rc2 58. Ra6 Kb7 59. Re6 Rxc7 60. Bxc7 Kxc7 61. Rf6 Kd7 62. Kg3 Ke7 63. Re6+ Kd7 64. Re4 Rg5 65. Rxg4 Rxd5 66. Re4 Rg5+ 67. Kh4 Rg8 68. f4 Kd6 69. f5 Rg1 70. Kh5 Kd7 71. f6 Rg2 72. Kh6 Rg1 73. f7 Rh1+ 74. Kg7 Rg1+ 75. Kf8 1-0

[Event "Chessable Masters Prelim"]
[Site "chess24.com INT"]
[Date "2021.07.31"]
[Round "4"]
[White "Artemiev, Vladislav"]
[Black "Adhiban, Baskaran"]
[Result "1-0"]
[WhiteElo "2704"]
[BlackElo "2660"]
[PlyCount "75"]
[EventDate "2021.07.31"]
[EventType "tourn (rapid)"]
[EventRounds "15"]
[EventCountry "USA"]
[EventCategory "18"]
[SourceTitle "CBM 203 Extra"]
[Source "ChessBase"]
[SourceDate "2021.09.30"]
[SourceVersion "1"]
[SourceVersionDate "2021.09.30"]
[SourceQuality "1"]

1. Nf3 c5 2. b3 d6 3. c4 e5 4. Nc3 Nc6 5. g3 g6 6. Bb2 Bg7 7. d3 f5 8. Bg2 Nh6 $146 ({RR} 8... Nf6 9. O-O O-O 10. Ne1 g5 11. e3 a6 12. Qd2 Qe8 13. Nc2 f4 14. exf4 gxf4 15. Nd5 Nxd5 16. Bxd5+ Kh8 17. f3 Bh3 18. Rfb1 fxg3 19. hxg3 Qg6 20. Qf2 Bh6 21. Be4 Bf5 22. Kg2 Nd8 23. Ne3 {Ricken,K (2127)-Pecurica,M (2335) Djenovici 2022 0-1 (34)}) 9. O-O O-O 10. a3 a5 11. Nd5 g5 12. Nd2 g4 13. e3 Kh8 14. b4 a4 15. bxc5 dxc5 16. Rb1 Ra6 17. Bc3 Nb8 18. f4 gxf3 19. Nxf3 Nd7 20. Nh4 Qg5 21. Qe2 Ng4 22. Nxf5 Rxf5 23. Rxf5 Qxf5 24. Ne7 Qf8 25. Nxc8 Ndf6 26. Bxb7 Re6 27. h3 Nh6 28. e4 Nf7 29. Nb6 Bh6 30. Bc8 Re8 31. Bf5 Qg7 32. Kh2 Rg8 33. Rg1 Bf4 34. Qf2 Bg5 35. Nd5 Nh5 36. Bg4 Nf6 37. Nxf6 Bxf6 38. Rf1 1-0

[Event "GER-ch Blitz"]
[Site "Magdeburg"]
[Date "2021.08.01"]
[Round "6"]
[White "Svane, Rasmus"]
[Black "Kollars, Dmitrij"]
[Result "1-0"]
[WhiteElo "2615"]
[BlackElo "2617"]
[PlyCount "100"]
[EventDate "2021.08.01"]
[EventType "tourn (blitz)"]
[EventRounds "29"]
[EventCountry "GER"]
[EventCategory "5"]
[SourceTitle "CBM 203 Extra"]
[Source "ChessBase"]
[SourceDate "2021.09.30"]
[SourceVersion "1"]
[SourceVersionDate "2021.09.30"]
[SourceQuality "1"]

1. Nf3 d5 2. g3 Bg4 3. Bg2 c6 4. O-O e6 5. h3 Bh5 6. d4 Nf6 7. c4 Nbd7 8. cxd5 exd5 9. Ne5 ({RR} 9. Qb3 Qb6 10. Qe3+ Be7 11. Nh4 Bg6 12. Nc3 Kf8 13. Nxg6+ hxg6 14. Qd3 Re8 15. Rb1 Kg8 16. b4 a6 17. Re1 Nf8 18. e4 dxe4 19. Nxe4 Nxe4 20. Rxe4 Qd8 21. Qe2 Rh5 22. Bf3 Rd5 23. Bb2 Rd6 {Vachier Lagrave,M (2758)-Kramnik,V (2777) Berlin 2015 ½-½ (63)}) 9... Ne4 10. Bxe4 dxe4 11. Nc3 Be7 $146 ({RR} 11... Nxe5 12. dxe5 Qxd1 13. Rxd1 Be7 14. Be3 b6 15. Rd4 f5 16. exf6 Bxf6 17. Rxe4+ Kf7 18. Rf4 Bg6 19. Bd4 Rhd8 20. Rd1 c5 21. Bxf6 Rxd1+ 22. Nxd1 gxf6 23. Kf1 Rd8 24. Ke1 b5 25. Nc3 Bc2 26. e4 {Samadov,R (2501)-Dai,C (2527) chess.com INT 2025 1-0 (34)}) 12. g4 Nxe5 13. dxe5 Bg6 14. Bf4 Qb6 15. Qb3 h5 16. Kg2 O-O-O 17. Rfd1 Rxd1 18. Rxd1 Qxb3 19. axb3 hxg4 20. hxg4 f6 21. Kg3 Rd8 22. Rh1 Kd7 23. exf6 Bxf6 24. g5 Be7 25. Ra1 a6 26. Ra4 Ke6 27. Ra5 Rd4 28. Be5 Rb4 29. Bxg7 Rxb3 30. e3 c5 31. Bf6 Bd6+ 32. Kg2 Rb4 33. Ne2 Kf5 34. Ra1 Bh5 35. Ng3+ Bxg3 36. Kxg3 Rc4 37. Rh1 Bg6 38. Rd1 Ke6 39. Rd2 Rc1 40. Kf4 Rh1 41. Be5 Rh4+ 42. Kg3 Rh1 43. Bf4 Bh5 44. Rd6+ Ke7 45. Rb6 Bf3 46. g6 Kd7 47. Be5 Rg1+ 48. Kf4 Rg2 49. g7 Ke7 50. Kf5 Bg4+ 1-0

[Event "Chessable Masters KO"]
[Site "chess24.com INT"]
[Date "2021.08.04"]
[Round "1.31"]
[White "Artemiev, Vladislav"]
[Black "Nakamura, Hikaru"]
[Result "1-0"]
[WhiteElo "2704"]
[BlackElo "2736"]
[PlyCount "109"]
[EventDate "2021.08.03"]
[EventType "k.o. (rapid)"]
[EventRounds "3"]
[EventCountry "USA"]
[SourceTitle "CBM 203 Extra"]
[Source "ChessBase"]
[SourceDate "2021.09.30"]
[SourceVersion "1"]
[SourceVersionDate "2021.09.30"]
[SourceQuality "1"]

1. Nf3 d5 2. g3 g6 3. Bg2 Bg7 4. O-O e5 5. d3 Ne7 6. e4 O-O 7. b4 dxe4 8. dxe4 Qxd1 9. Rxd1 Be6 10. Be3 f6 11. Nc3 ({RR} 11. Nbd2 Rd8 12. Bf1 Kf7 13. Bc4 Bxc4 14. Nxc4 Rxd1+ 15. Rxd1 Ke8 16. a4 Nbc6 17. c3 b6 18. Kf1 a5 19. b5 Nd8 20. Ke2 Nb7 21. g4 g5 22. h4 h6 23. h5 Bf8 24. Nfd2 Rd8 25. Rc1 Nc8 {Artemiev,V (2704)-Aronian,L (2782) chess24.com INT 2021 ½-½ (43)}) 11... Nbc6 $146 ({RR} 11... c6 12. Bf1 Kf7 13. Nd2 Nd7 14. Nc4 Nc8 15. Na5 Rb8 16. b5 c5 17. Bc4 Ncb6 18. Bxe6+ Kxe6 19. Nd5 Rfc8 20. c4 Bf8 21. Rac1 Bd6 22. Rc2 Nxd5 23. cxd5+ Ke7 24. Rdc1 Rc7 25. Nc4 b6 26. a4 {Gledura,B (2637)-Horvath,D (2521) Vrnjacka Banja SRB 2023 1-0 (40)}) 12. a3 Kf7 13. Nd5 Rfc8 14. c4 Nb8 15. Bf1 c6 16. Nc3 Nd7 17. c5 b5 18. cxb6 axb6 19. Nd2 b5 20. a4 bxa4 21. Nxa4 Rcb8 22. Nc5 Rxa1 23. Rxa1 Rxb4 24. Ra7 Nf8 25. Nxe6 Nxe6 26. Bc4 Bf8 27. Ra8 Bg7 28. Ra7 Bf8 29. Rd7 c5 30. Rd6 Rxc4 31. Nxc4 Nd4 32. Rd7 Kg8 33. Rc7 Nec6 34. Kg2 Nb4 35. Nb6 f5 36. Nd7 Be7 37. Nxe5 Bd6 38. Rc8+ Kg7 39. Nc4 Be7 40. Rc7 Kf8 41. exf5 gxf5 42. Ne5 Bd6 43. Rc8+ Ke7 44. Nc4 Kd7 45. Rh8 Be7 46. Rxh7 Ke6 47. h4 Nd5 48. Rh6+ Kf7 49. Ne5+ Kg7 50. Rg6+ Kh7 51. Ra6 Nc2 52. Bg5 Bf8 53. h5 Nd4 54. Ra7+ Kg8 55. h6 1-0